| 000 | 01221cam a22003017a 4500 | ||
|---|---|---|---|
| 001 | 3292 | ||
| 003 | FISKH | ||
| 005 | 20240305110559.0 | ||
| 008 | 811006s1980 enk 000 0 eng | ||
| 010 | _a 81191758 | ||
| 020 | _a0207140928 | ||
| 040 |
_aDLC _cDLC _dDLC _beng |
||
| 050 | 0 | 0 | _aMLCS 81/2640 |
| 082 | _a823.3 | ||
| 100 | 1 | _aWorthy, Judith. | |
| 245 | 1 | 0 |
_aGarden in the sky / _cJudith Worthy ; illustrated by Murray Frederick. |
| 260 |
_aLondon : _bAngus & Robertson, _c1980. |
||
| 300 |
_a84 pages : _billustrations ; _c20 cm |
||
| 505 | _aP | ||
| 520 | _aTen year-old Helen Harper has dream, a seemingly impossible dream... of a garden of her own. A big rambling garden with a willow tree, a red-gum, a soft green lawn, a fish pond and pathways leading to secret places. But living with her mother on the tenth floor of a high-rise block of flats surrounded far below by hard, horrible concrete. It seems that Helen's dream will never be real. | ||
| 521 | 8 |
_a650
_bLexile |
|
| 521 | 8 |
_aP
_bRaz-Plus |
|
| 650 |
_aGarden _vFiction _xDream |
||
| 700 |
_aFrederick, Murray _eillustrator |
||
| 906 |
_a7 _bcbc _corignew _d5 _encip _f19 _gy-gencatlg |
||
| 942 |
_2ddc _cBK _n0 |
||
| 999 |
_c3292 _d3292 |
||